00622nam a2200169 a 450000500170000000800410001702000180005805000180007610000200009424501100011426000500022430000220027444000130029665000140030999900190032395201100034220140412111233.0010530s19uu xx 00 eng d a1-57064-016-5 aERbBa26 1994 aDudko, Mary Ann aBarney: book of opposites /cby Mary Ann Dudko, Ph. D. & Margie Larsen, M. Ed.; photographer Dennis Full. aDrvie Allen, Texas :bThe Lyons Group,c1994. a1v. (unp.) ; ill. aBarney's aOpposties c102300d102300 00104050aELbELcERd2001-05-30eDonationl0oER Ba26 1994pE1250r2014-04-12 00:00:00w2014-04-12yBK